[Event "Douglas IoM op"]
[Site "Douglas"]
[Date "2017.09.26"]
[Round "4"]
[White "Kasimdzhanov, Rustam"]
[Black "Carlsen, Magnus"]
[Result "1/2-1/2"]
[WhiteElo "2676"]
[BlackElo "2827"]
[Annotator "Marin,M"]
[PlyCount "144"]
[EventDate "2017.09.23"]
[EventType "swiss"]
[EventRounds "9"]
[EventCountry "IOM"]
[SourceTitle "CBM 181"]
[Source "ChessBase"]
[SourceDate "2017.11.10"]
[SourceVersion "1"]
[SourceVersionDate "2017.11.10"]
[SourceQuality "1"]

1. e4 Nc6 {Carlsen's opening surprises do not... surprise anybody anymore.
Usually, it is a about a rare move or line in the early phase of the game, but
it seems that he also intends trying out all the openings, one by one!
Apparently, he has never played this opening before.} 2. Nf3 ({We can only
speculate about what he had in mind after} 2. d4 {Possibly the "main line"} d5
3. e5 Bf5 {with some sort of Advance Caro Kann structure.}) 2... d6 3. d4 Nf6 {
Black's intention is to transpose to a classical Pirc, where due to the early
commitment of the queen's knight he will have to play ...Bg4, but this is one
of Black's main weapons anyway.} 4. d5 {With both central pawns under pressure,
this is the only way of transposing to some sort of King's Indian, where the
pawn will stand on c4 instead of c2.} ({It is worth mentioning that Carlsen
had twice played} 4. Nc3 Bg4 5. d5 ({If} 5. Be2 g6 6. O-O Bg7 {play is not far
from transposing to a genuine Pirc.}) 5... Nb8 (5... Bxf3 {is premature:} 6.
Qxf3 Ne5 7. Qg3 c6 8. f4 Ned7 9. dxc6 bxc6 10. e5 Nd5 11. exd6 exd6 12. Nxd5
cxd5 13. Bd2 $16 {Carlsen,M (2385)-Kiik,K (2439) Rethymno 2003 (1-0, 27)}) 6.
h3 Bxf3 7. Qxf3 Nbd7 (7... g6 {may be more flexible, leaving the d7-square
available for the king's knight.}) 8. g4 {A logical way to try taking
advantage of the unusual move order.} g6 9. Be3 Bg7 10. O-O-O c5 11. Qe2 (11.
Qg2 {may have slowed down a bit the queenside counter-attack.} b5 12. Bxb5 $5)
11... b5 12. g5 (12. Qxb5 Rb8 {may be less dangerous than it seems, but in
blitz this is not an easy decision to take.}) (12. Nxb5 Nxe4) 12... Nh5 13.
Nxb5 Rb8 14. c3 Qa5 15. a4 Nb6 (15... O-O 16. Qc2 Nb6 $11) 16. Nc7+ Kd8 17. Qa6
Qxa4 (17... Bxc3 $5 18. Qxa5 Bxa5 19. Na6 Rc8 20. Bb5) 18. Bb5 Qxa6 19. Nxa6
Rb7 20. Bc6 $16 {Carlsen,M (2851)-Petrosian,T (2611) chess.com INT (blitz)
2016 (1-0, 34)}) (4. Bb5 a6 (4... Nxe4 $2 5. d5 a6 6. Bd3 {wins a piece}) (4...
Bd7 $5 5. Nc3 a6 6. Be2 e5 {or 6...Bg4}) 5. Ba4 (5. Bxc6+ bxc6 6. Qe2) 5... b5
6. Bb3 Nxe4 $2 (6... Bg4) (6... Bb7) (6... Na5) 7. Bd5 {1-0 De Jong,T (2258)
-Lindeman,J (1985) Utrecht 2017}) 4... Nb8 5. Bd3 g6 ({In view of the line
examined below it makes sense to play} 5... Bg4 {at once. But probably Carlsen
thought it would be better avoiding the same kind of treatment as in his games
with White, based on an early h2-h3.}) 6. O-O Bg7 7. c4 O-O 8. Nc3 (8. h3 $5 e5
$2 {This transposes to a King's Indian with two tempi less for Black.} (8...
Na6 {is more flexible:} 9. Nc3 Nc5 10. Bc2 a5) 9. Nc3 Na6 10. a3 Nh5 11. Re1
Qe8 12. b4 h6 13. c5 f5 14. Bd2 Nf6 15. exf5 gxf5 16. Nh4 e4 17. c6 bxc6 18.
Bxa6 Bxa6 19. Nxf5 cxd5 20. Bxh6 Bxh6 21. Nxh6+ Kh7 22. Ng4 $18 {Tabatabaei,M 
(2509)-Maghsoodloo,P (2584) Teheran 2017 (½-½, 59)}) 8... Bg4 9. Be2 ({
After castling short White does not get much with} 9. h3 Bxf3 10. Qxf3 Nbd7 11.
Qe2 c6 12. Bd2 a5 13. b3 Nc5 14. Bc2 e6 (14... Re8 {[%cal Ge7e6]}) 15. dxe6 (
15. Rad1 $5) 15... Nxe6 16. Rad1 Nd7 17. Qd3 {Poniaev,R (2265)-Nikolaev,N 
(2411) Dagomys 2010 (1-0, 53)} a4 $1 18. Nxa4 (18. Qxd6 axb3 19. axb3 Nd4 20.
Rc1 Be5 21. Qb4 b6 $17 {[%csl Gb4]}) 18... Ndc5 19. Nxc5 Nxc5 20. Qg3 Rxa2 21.
Bb1 Rb2 22. b4 Ne6 $132) 9... Nfd7 {In the first phase, Black consolidates his
control on the dark squares. Later he will break on the light squares. Quite
logical and consistent. White has more space but cannot create threats easily.}
10. Bg5 a5 11. Nd2 Bxe2 12. Qxe2 c6 13. Kh1 a4 14. a3 {Botvinnik,M-Geller,E
Budapest Maroczy Memorial 1952 (2) 0-1 Frankly, I am very much against such
self-blocking moves if they do not lead to something concrete, for instance
winning the a4-pawn. The first time I was puzzled by such a move was when I
saw the game} (14. Rac1 {is a more flexible way of neutralising the effects of
...a4-a3.} Na6 15. f4 (15. Nxa4 Nb4) 15... Nac5 16. Nf3 Re8 {[%cal Gd8a5,Ge7e6]
Maybe White wanted to prevent the immediate ...Na6, but freezing the queenside
offers Black comfortable play.}) 14... Nc5 15. f4 Nbd7 16. Nf3 Qc7 17. Rad1 (
17. Bxe7 $2 Rfe8 18. Bh4 Bxc3 19. bxc3 Nxe4 20. Qc2 cxd5 21. cxd5 Qxc3 $17) {
Later Carlsen will change the rooks' placement.} 17... Rae8 {[%cal Ge7e6]} ({
He might have refrained from} 17... Rfe8 {due to} 18. e5 f6 (18... dxe5 19.
fxe5 Nxe5 20. Bf4 f6 21. dxc6 bxc6 22. Ne4 Nxe4 23. Qxe4 $44) 19. e6 fxg5 20.
exd7 Qxd7 21. Nxg5 {when it would be of course better having the other rook on
f8. But even this looks acceptable for Black after} e6) 18. f5 {The only way
to fight against the planned ...e7-e6, turning the e4-pawn vulnerable. But now
the weakness of the e5-square increases Black's stability and manoeuvring
possibilities, while White does not have real attacking chances due to his
strategic problems on other sectors of the board.} Qa5 (18... e6 $6 19. dxe6
fxe6 20. fxg6 hxg6 21. Be3 $14 {[%csl Gg6][%cal Gf3g5]}) 19. Na2 {Heading for
b4 but weakening e4.} Nf6 20. Nd2 Ncd7 21. Nf3 Nc5 22. Nd2 Ncd7 23. Nf3 Rc8 {
Carlsen of course plays on. Black's position is too pleasant to agree to a
draw by repetition.} 24. Nb4 Rfe8 {SLightly careless.} (24... cxd5 25. cxd5 Rc5
$132) 25. Bd2 ({Missing a good chance for activity.} 25. e5 $1 Nxe5 (25... dxe5
26. dxc6 bxc6 27. Bxf6 Nxf6 28. Nxe5 $16 {The c6-pawn is hanging but there is
also a surprising kingside threat:} Qb6 $6 29. Nxf7 $1 Kxf7 30. Qe6+ Kf8 31.
fxg6 hxg6 32. Nd3 $18 {[%cal Gd3e5]}) 26. Nxe5 dxe5 27. d6 $16 {Black is
suddenly hanging.}) 25... Qc7 26. dxc6 {White could not stand the pressure
anymore.} (26. Bc3 cxd5 27. cxd5 Qc4 28. Rfe1 Qxe2 29. Rxe2 Nc5 30. e5 Nfe4 $15
) 26... bxc6 27. Bc3 e5 $11 {Blck has stabilised the centre with good play,
but White is not without chances either due to the pressure along the f-file.}
(27... e6 28. fxg6 hxg6 29. e5 $36) 28. Nd2 (28. fxe6 Rxe6 $17) (28. fxg6 hxg6
{[%csl Gd4][%cal Gd7c5,Gc5e6] clears the queen's knight's path to d4.} 29. Ng5
Nc5 30. Qe1 Nh7) 28... Nc5 29. Rf3 Nh5 30. g3 Bh6 31. Rdf1 Qe7 32. Nd3 Nxd3 {
After this natural exchange Black loses stability in the centre.} (32... Nd7 $5
{[%cal Gh5f6,Gd6d5]}) 33. Rxd3 Nf6 34. Rdf3 Rf8 35. c5 {The idea is right, but
White could have prepared it} (35. Nb1 $5 $14 {[%csl Ga4][%cal Gc3d2,Gb1c3]
This not only prepares the regrouping illustrated with arrows but also removes
the knight from the attacked square, making the pressure on e5 real.} Rb8 36.
c5 d5 37. exd5 Nxd5 38. Qxe5 $16) 35... d5 36. exd5 cxd5 37. fxg6 (37. c6 $5 {
wins an exchange but with good compensation for Black.} g5 $5 (37... Rxc6 38.
Bb4 {forces} Rd6 {due to the pressure on the f-file but Black seems to be
doing well.} 39. Rd3 Rfd8) 38. Bb4 (38. Qxe5 Qxe5 39. Bxe5 Rxc6 40. Bxf6 Rxf6
41. Rd3 Rb6 {is also playable for Black.}) 38... Qe8 39. Bxf8 Kxf8 40. Rc3 g4
$44) 37... fxg6 38. Qxe5 Qxe5 39. Bxe5 Nd7 40. Rxf8+ Bxf8 {Black's endgame is
slightly more pleasant already due to the queenside configuration. But a draw
is the most probable result.} 41. Bd4 (41. Bd6 $11) 41... Nxc5 42. Rc1 Bh6 43.
Bxc5 (43. Rxc5 Rxc5 44. Bxc5 Bxd2 45. Kg2 $11) 43... Bxd2 44. Rd1 Rxc5 45. Rxd2
Kf7 46. Rd4 Ke6 47. Rxa4 Rc2 48. Kg1 Rxb2 49. Rh4 Rb7 (49... h5 50. g4 hxg4 51.
Rxg4 Kf5 52. Rd4 Ke5 53. Rg4 d4 54. Kf1 d3 55. Ke1 $11) 50. Kf2 Kd6 51. Ke3 Kc5
52. Kd3 Rb3+ 53. Kc2 Rxa3 54. Rxh7 Kc4 55. Rc7+ Kd4 56. Rc6 Ra2+ 57. Kb3 Rxh2
58. Rxg6 Kd3 59. g4 d4 60. g5 Rg2 61. Rh6 Ke2 (61... Rxg5 62. Rh3+ {is similar
to the game.}) 62. Rh1 Rg3+ 63. Kb2 Rxg5 64. Rh2+ Kd3 65. Rh3+ Kc4 66. Kc2 Rg2+
67. Kd1 Rb2 68. Rg3 Rh2 69. Rf3 Rh1+ 70. Kd2 Rh2+ 71. Kd1 Rh1+ 72. Kd2 Rh2+
1/2-1/2

[Event "Krynica zt"]
[Site "Krynica"]
[Date "1998.09.02"]
[Round "1"]
[White "Hracek, Zbynek"]
[Black "Marin, Mihail"]
[Result "1/2-1/2"]
[WhiteElo "2615"]
[BlackElo "2530"]
[Annotator "Marin,M"]
[PlyCount "38"]
[EventDate "1998.09.02"]
[EventType "swiss"]
[EventRounds "9"]
[EventCountry "POL"]
[SourceTitle "CBM 067"]
[Source "ChessBase"]
[SourceDate "1998.11.30"]
[SourceVersion "2"]
[SourceVersionDate "1998.11.01"]
[SourceQuality "1"]

1. e4 d6 2. d4 Nf6 3. Nc3 g6 4. Be3 c6 5. h3 Bg7 6. f4 Qb6 7. Qc1 Nh5 $5 (7...
O-O) 8. Nge2 f5 9. e5 $1 O-O (9... Na6 $5 10. Rg1 g5 11. g3 (11. fxg5 f4 12.
Bxf4 Nxf4 13. Qxf4 Qxb2 14. Rc1 dxe5 15. dxe5 Rf8) 11... c5 $132) 10. Rg1 (10.
g3) 10... g5 11. g3 (11. fxg5 f4 12. Nxf4 Nxf4 13. Bxf4 Qxd4 $44) 11... Na6 12.
Bg2 $6 (12. fxg5 $1 dxe5 13. dxe5 Qa5 14. Nf4 $18 {Nevednichi}) 12... c5 13.
fxg5 (13. Bf3 g4 14. hxg4 fxg4 15. Bd5+ Kh8 16. Rh1 dxe5 17. dxe5 Qg6 18. Be4
Bf5 19. Bxb7 Nb4 20. Bxa8 Nxc2+ 21. Kf2 Rxa8 $44) 13... cxd4 14. Bxd4 (14. Nxd4
Bxe5 $140 15. Bd5+ Kh8 16. Ne6) 14... Qa5 (14... Qd8 15. Qe3 $16) 15. exd6 Bxd4
16. Nxd4 Qe5+ 17. Nde2 (17. Nce2 Qxd6 $44) 17... f4 18. dxe7 (18. Qd2 $1 {
Hracek} f3 19. Bxf3 Rxf3 20. d7) 18... Qxe7 19. Nd5 (19. Bd5+ Be6 20. gxf4 Nb4
$44) 19... Qc5 (19... Qc5 20. gxf4 (20. Ndxf4 Nxf4 21. gxf4 Nb4 22. Kf1 Nxc2
23. Rh1 Bf5 $40) 20... Re8 $1 (20... Bxh3 21. Qd2 $1 (21. Bxh3 Qxd5 22. Qd2
Qxd2+ 23. Kxd2 Rad8+ $44)) 21. Rf1 (21. Kf1 $5) 21... Bxh3 (21... Ng3 22. Nf6+)
(21... Bf5 $5 {Hracek}) 22. Bxh3 Qxd5 (22... Ng3 23. Nf6+ Kh8 24. Nxe8 Rxe8 25.
Qd2 Rxe2+ 26. Qxe2 Nxe2 27. Kxe2 Qxc2+ 28. Kf3) 23. Qd1 (23. Qd2 Qxd2+ 24. Kxd2
Rad8+ 25. Ke1 Ng3 26. Rf2 Nb4 27. Rc1) 23... Qe4 24. Qd3 Nb4 25. Qxe4 Rxe4 26.
Bf5 (26. Rc1) 26... Nxc2+ 27. Kf2 Rxe2+ 28. Kxe2 Nxa1 (28... Nd4+ 29. Ke3 Nxf5+
30. Kf3 $14) 29. Kf3 (29. Kd2 Rf8 30. Be6+ Kg7 31. f5 Ng3) 29... Rf8 30. Be6+
Kh8 31. Rxa1 Nxf4 32. Bb3 $14 Nd3+ $140 33. Ke3 Nxb2 34. Rb1 $16) 1/2-1/2

[Event "EU-ch 9th"]
[Site "Plovdiv"]
[Date "2008.04.24"]
[Round "4"]
[White "Lupulescu, Constantin"]
[Black "Nikolic, Predrag"]
[Result "1-0"]
[WhiteElo "2558"]
[BlackElo "2674"]
[Annotator "Marin,M"]
[PlyCount "77"]
[EventDate "2008.04.21"]
[EventType "swiss"]
[EventRounds "11"]
[EventCountry "BUL"]
[SourceTitle "CBM 124"]
[Source "ChessBase"]
[SourceDate "2008.05.28"]
[SourceVersion "1"]
[SourceVersionDate "2008.05.28"]
[SourceQuality "1"]

1. e4 d6 2. d4 g6 3. Nc3 Bg7 4. Be3 Nf6 {Nikolic is a hugely experienced
player in the Pirc, which attracted my attention not only to the variation to
which the game will transpose, but also to the move order employed by him. A
long time ago, I had come to the conclusion that in the "normal" Pirc (1.e4 d6
2.d4 Nf6 3.Nc3 g6) Black has to meet 4.Be3 with 4...c6, rather than 4...Bg7.
Siill, Nikolic does not mind transposing from the Modern to the position I
want to avoid.} 5. f3 {Now, things will get into normal paths.} ({The main
problems for Black arise after} 5. Qd2 {, when the theoretical line continues
with} c6 6. Bh6 Bxh6 7. Qxh6 Qa5 8. Bd3 c5 {Now, we have an important split.} {
However,} 9. d5 {is more demanding for Black.} (9. Nge2 {is not too dangerous.}
cxd4 10. Nxd4 Nc6 $1 (10... Qb6 $6 11. O-O-O Nc6 12. Bb5 a6 13. Bxc6+ bxc6 14.
Rhe1 Rb8 15. b3 Qc5 16. Kb2 Bd7 17. e5 $36 {Willemze,J (2422)-Nikolic,P (2671)/
Amsterdam 2004/CBM 101 ext (1/2-1/2, 55)}) 11. Nb3 Qb6 12. Nd5 Nxd5 13. Qg7 Rf8
14. exd5 Ne5 15. O-O h5 16. Kh1 Bd7 $13 {Black has a strategically nice
position and maintains the possibility of evacuating his king to the other
wing, while the white queen is somewhat misplaced behind the black pawns,
Bunzmann,D (2596)-Nikolic,P (2641)/Germany 1999/EXT 2000 (0-1, 28)}) 9... Nbd7
10. Nf3 b5 11. Bxb5 Rb8 12. Bxd7+ Bxd7 13. O-O-O $6 ({Later, I failed to find
an adequate answer after} 13. O-O $1 {, for instance} Rxb2 14. Nd1 Rxc2 15. Ne3
$16 {[%csl Re8][%cal Ge4e5] Since Nikolic has not faced 9.d5 so far, it would
be nice to guess what he had in mind against it.}) 13... Rxb2 $6 (13... Qb4 $1
$132) 14. Kxb2 Qb4+ 15. Kc1 Qxc3 16. Qe3 $1 $16 {Nguyen Anh Dung (2465)-Marin,
M (2545)/Calcutta 1997/CBM 056 ext (1/2-1/2, 42)}) 5... c6 6. Qd2 Qa5 {Another
"Nikolic" specialty.} ({Usually,} 6... b5 {is played, which refrains from
defining the intentions of the queen yet.}) 7. g4 ({In the event of} 7. O-O-O {
he plays} b5 {, though, when the presence of the queen on a5 is entirely
justified.} 8. Kb1 b4 9. Nce2 Nbd7 10. g4 Rb8 ({But here, it would make some
sense to clear the d7-square for the other knight with} 10... Nb6 11. h4 h5 12.
g5 Nfd7 {The queen would not feel in danger after} 13. Nc1 Ba6 14. Nb3 Qa4 $132
{[%csl Rb2,Gc4][%cal Gc6c5]}) 11. Nc1 Qc7 12. h4 h5 13. g5 Nh7 {As we shall
also see later, Nikolic does not mind having his knight on h7, where it will
be completely out of play for a long while.} 14. f4 c5 $132 {Sveshnikov,E 
(2555)-Nikolic,P (2657)/Bled 2000/EXT 2001 (1/2-1/2, 68). The knight later
went to f8, overprotecting the g6-square.}) 7... h5 ({Black decides to do
without} 7... b5 {, preferring to start active play in the centre.} 8. Nge2 h5
9. g5 Nfd7 10. Bg2 b4 11. Nd1 c5 $132 {Gelfand,B (2700)-Nikolic,P (2620)/
Sarajevo 1991/Candidates/[King] (1/2-1/2, 44)}) 8. g5 Nfd7 ({This definitely
looks like an improvement over another game from the same match:} 8... Nh7 $6
9. f4 O-O 10. Nf3 e5 11. O-O-O exf4 12. Bxf4 d5 13. Kb1 $14 {[%csl Gh7]
Gelfand,B (2700)-Nikolic,P (2620)/Sarajevo 1991/Candidates/[King] (1-0, 65)})
9. f4 d5 $5 {[%csl Ge4,Gf5] This is the point behind refraining from ...b5.
Black fights for the light squares in the centre and it is useful to maintain
the communication of the queen with the rest of the board. Otherwise, Black's
lack of development may lead to unpleasant consequences.} 10. f5 $5 {The only
way to cross Black's ambitious plan.} dxe4 11. fxg6 fxg6 {White has managed to
weaken the enemy kingside, but he still has to retrieve the pawn, while his
centre has seriously been shaken, too.} 12. Bc4 $146 ({The straightforward} 12.
Nxe4 {is not dangerous for Black:} Qxd2+ 13. Nxd2 O-O 14. Bd3 $6 (14. Ngf3 {
Benjamin,Joel} Nb6 15. Nh4 Nd5 16. Bg1 Kh7 17. Bd3 Nf4 18. Be4 e5 19. dxe5 Bh3
$13) 14... e5 15. Ngf3 (15. Bxg6 {Benjamin,Joel} exd4 16. Bf2 Ne5 17. Bxh5 Bg4
$44) 15... exd4 16. Bxd4 Bxd4 17. Nxd4 Ne5 {Benjamin,J (2545)-Nikolic,P (2605)/
Wijk aan Zee 1989/CBM 011 (0-1, 31)}) 12... Nb6 13. Bb3 Bf5 14. Nge2 {White
intends to capture the e4-pawn without trading queens, but this plan is rather
time-consuming, allowing Black complete his development and put the d4-pawn
under serious pressure.} (14. Nxe4 Qxd2+ 15. Nxd2 a5 16. a4 Nd5 17. Bf2 O-O
$132) 14... Na6 $132 {Black has comfortable play, but will eventually get
confused among the tempting alternatives.} 15. Ng3 $6 (15. O-O O-O-O 16. Ng3 (
16. Nxe4 Qxd2 17. Nxd2 Nd5 $15) 16... e6 17. Ncxe4 (17. Ngxe4 c5 $1) 17... Qxd2
18. Nxd2 Rxd4 $5 {Interesting, but maybe not necessary.} 19. Bxd4 Bxd4+ 20. Kg2
Bxb2 21. Rad1 Nc5 $44) 15... O-O-O $6 (15... c5 $1 16. dxc5 (16. d5 O-O-O $17)
16... Rd8 $17) 16. Nxf5 gxf5 $6 (16... Qxf5 $1 17. Rf1 (17. O-O-O Rhf8 $15)
17... Qh3 $15 {[%csl Rd4][%cal Gc6c5]}) 17. Nxe4 $1 Qxd2+ 18. Nxd2 Nc7 $6 (
18... Bxd4 19. Be6+ Kb8 (19... Kc7 $2 20. Bf4+) 20. Bxd4 Rxd4 21. Rg1 $44 {
[%csl Ra6,Rb6][%cal Gg5g8]}) 19. Nf3 $16 {White has stabilized the position,
retaining the better structure and the pair of bishops.} Nbd5 (19... c5 {
may have been a last attempt to muddy the waters.}) 20. Bf2 Ne8 21. c4 Nf4 22.
Bc2 e6 23. Bg3 Ng6 24. O-O-O h4 25. Bf2 Nc7 26. Rhe1 Kb8 27. a3 a6 28. Kb1 b5
29. d5 exd5 30. cxd5 Nxd5 31. Bxf5 Rdf8 32. Be4 Rf4 33. Bd4 Bxd4 34. Nxd4 Nde7
35. Nxc6+ Nxc6 36. Bxg6 Rg8 37. Be8 Na5 38. g6 Rf2 39. Re7 1-0

[Event "Krynica zt"]
[Site "Krynica"]
[Date "1998.09.06"]
[Round "5"]
[White "Kaminski, Marcin"]
[Black "Marin, Mihail"]
[Result "1/2-1/2"]
[WhiteElo "2530"]
[BlackElo "2530"]
[Annotator "Marin,M"]
[PlyCount "33"]
[EventDate "1998.09.02"]
[EventType "swiss"]
[EventRounds "9"]
[EventCountry "POL"]
[SourceTitle "CBM 067"]
[Source "ChessBase"]
[SourceDate "1998.11.30"]
[SourceVersion "2"]
[SourceVersionDate "1998.11.01"]
[SourceQuality "1"]

1. e4 d6 2. d4 Nf6 3. Nc3 g6 4. Be3 c6 5. Qd2 Nbd7 6. Nf3 e5 7. Bh6 $5 Bxh6 8.
Qxh6 Qe7 9. Bd3 (9. O-O-O b5 10. dxe5 dxe5 11. Bxb5 cxb5 12. Nxb5 Qc5 $1 13.
Nd6+ Ke7 14. Ng5 Rf8 15. Qg7 Nh5) 9... b5 10. O-O Ng4 11. Qd2 O-O 12. h3 Ngf6
13. a4 b4 14. Nd1 a5 $6 (14... c5 $1 {Kaminski} 15. d5 (15. dxe5 Nxe5 16. Nxe5
Qxe5 $132) (15. dxc5 Nxc5 16. Qxb4 Bb7 17. Nc3 a5 18. Qc4 Rfc8 $15)) (14... d5
$6 15. Nxe5 (15. exd5 e4 16. dxc6 exf3 17. Re1 Qd6 18. cxd7 Bxd7 $44) 15...
Nxe5 16. dxe5 Qxe5 17. exd5 Nxd5 18. Re1 $14) (14... exd4 15. Nxd4 Ne5 16. f4
Nxd3 17. cxd3 c5 18. Nf3 {/\Nf2}) 15. Qg5 $1 (15. c3 exd4 16. cxd4 (16. Nxd4
Ne5 $15) 16... Nxe4 17. Qc2 Ndf6 $11) 15... Re8 16. Ne3 Nb6 {><c4} 17. Rfe1 $6
(17. c3 $5 bxc3 18. bxc3 Nfd7 (18... exd4 19. Nxd4 Nxe4 20. Qxe7 Rxe7 21. Nxc6
Re8 22. Rfb1 $16 Nxa4 $5 23. Nd5 Nexc3 24. Nf6+ Kf8 25. Nxe8 Nxb1 $2 26. Nc7)
19. Qxe7 Rxe7 20. Rfb1 Ba6 21. Bc2 $5 Ree8 22. Rb2 Rab8 23. Rab1 $11) (17. Rfe1
$6 Nh5 $5 (17... Nfd7 18. h4 $1 $14) 18. Qh6 Qf8 19. Qxf8+ (19. Qg5 {/\=} h6
20. Qh4 Nf4 $132 21. dxe5 (21. Ng4 $142 Bxg4 22. hxg4 Rad8 23. Bf1 f6 24. g3
Ne6 {ףh4}) 21... dxe5 22. Red1 Bd7 23. Nxe5 Nxh3+ 24. gxh3 Rxe5 25. Ng4 Bxg4
26. hxg4 g5) 19... Kxf8 20. dxe5 dxe5 21. c3 $5 (21. Nd2 Be6 22. Ndc4 Bxc4 $1 (
22... Nxc4 23. Bxc4) 23. Nxc4 Nxc4 24. Bxc4 Red8 25. Rad1 Ke7 $15) (21. Nc4
Nxc4 22. Bxc4 f6 23. Rad1 Ke7 24. Rd2 Bb7 25. Red1 Rad8 $15) 21... Nf4 22. Bf1
bxc3 23. bxc3 Ba6 24. Bxa6 Rxa6 25. Ng4 Nd7 26. Rad1 Ra7 27. g3 h5 28. gxf4
hxg4 29. hxg4 exf4 30. e5 Nc5 31. Rd4 $14) 1/2-1/2

[Event "Primavara"]
[Site "Bucharest"]
[Date "1998.??.??"]
[Round "12"]
[White "Cioara, Andrei Nestor"]
[Black "Svetushkin, Dmitry"]
[Result "0-1"]
[WhiteElo "2390"]
[BlackElo "2415"]
[Annotator "Marin,M"]
[PlyCount "109"]
[EventDate "1998.??.??"]
[EventType "tourn"]
[EventRounds "15"]
[EventCountry "ROU"]
[EventCategory "9"]
[SourceTitle "EXT 1999"]
[Source "ChessBase"]
[SourceDate "1998.11.16"]
[SourceVersion "1"]
[SourceVersionDate "1998.11.16"]
[SourceQuality "1"]

1. e4 g6 2. d4 Bg7 3. Nc3 d6 4. Nge2 Nf6 5. g3 O-O 6. Bg2 e5 7. h3 Nc6 8. Be3
exd4 9. Nxd4 Bd7 10. O-O Re8 11. Re1 a6 12. a4 Qc8 13. g4 (13. Kh2 Re5 14. f3
Rb8) 13... h5 14. g5 (14. f3) 14... Nh7 15. Nxc6 (15. h4 Bh3 $132) 15... bxc6
16. Kh2 Rb8 17. Rb1 c5 18. Qd3 Bc6 19. Bd2 Rb4 $15 20. Qg3 c4 21. b3 cxb3 22.
cxb3 Rd4 23. Rbd1 h4 24. Qe3 (24. Qxh4 Rxd2 25. Rxd2 Bxc3) 24... Ba8 $5 25. f3
c5 26. Ne2 d5 27. Nxd4 Bxd4 28. Qd3 dxe4 29. fxe4 Be5+ 30. Kh1 Bg3 31. Re2 Rd8
32. Qc2 Nf8 33. Bc3 Re8 34. Bf6 Ne6 $44 35. Red2 Bf4 36. Rf2 Bxg5 37. Rdf1 Bxf6
38. Rxf6 Ng5 39. Qc4 Bxe4 40. Kh2 (40. Bxe4 Qxh3+) (40. Kg1 Bxg2 41. Rxg6+ Kf8
$17 (41... Kh7 42. Rxg5 $18)) (40. Qc3 Bxg2+ 41. Kxg2 Ne4) 40... Bxg2 41. Rxg6+
Kh7 42. Rxg5 Qxh3+ 43. Kg1 Qh1+ 44. Kf2 Qxf1+ 45. Qxf1 Bxf1 46. Kxf1 Rc8 47.
Rh5+ Kg6 48. Rxh4 Kf5 49. Ke2 Ke5 50. Kd3 Rd8+ 51. Kc4 $2 Rd4+ 52. Rxd4 cxd4
53. b4 Ke4 54. b5 axb5+ 55. axb5 (55. axb5 d3 56. b6 d2 57. b7 d1=Q 58. b8=Q
Qc2+ 59. Kb5 Qb3+) 0-1